| 000 | 01016nam a22002297a 4500 | ||
|---|---|---|---|
| 999 |
_c6944 _d6944 |
||
| 003 | AR-CdUCM | ||
| 008 | 190319b ||||| |||| 00| 0 spa d | ||
| 040 |
_aMUNICIPALIDAD PROVINCIAL DEL CUSCO _cBIBLIOTECA MUNICIPAL DEL CUSCO |
||
| 082 |
_a693.5 / _bC46 |
||
| 100 |
_aCassinello Pérez, Fernando _919568 |
||
| 245 |
_aHormigoneria : _bConstruccion / |
||
| 260 |
_aEspaña : _bRueda , _c1974. |
||
| 300 |
_a656 páginas ; _c26.7 cm. |
||
| 505 | _aContenido : Hormigoneria -- Propiedades del hormigon -- naturaleza del hormigon -- caracter de la construccion en hormigon -- camento -- aridos -- agua -- adiciones -- fabricacion -- encofrados -- hormigones vistos -- hormigon en masa -- hormigon armado -- armaduras -- control -- cimentaciones -- elementos lineales... | ||
| 650 |
_aHormigoneria _919569 |
||
| 650 |
_aConstruccion Civil _919570 |
||
| 650 |
_aElementos de la Construccion _919571 |
||
| 650 |
_aEstructura y Concreto _919572 |
||
| 650 |
_aCimentaciones _919573 |
||
| 942 |
_2ddc _cLIBROS |
||
| 945 | _artm | ||